ՀՀ Գիտությունների ազգային ակադեմիայի հիմնարար գիտական գրադարան  =   Fundamental Scientific Library of NAS RA

Հայաստանը Արշակունիների ժամանակ : (Record no. 184306)

MARC details
000 -LEADER
fixed length control field 00975nam a2200205 u 4500
001 - CONTROL NUMBER
control field 000498547
003 - CONTROL NUMBER IDENTIFIER
control field AM-YeHGA
005 - DATE AND TIME OF LATEST TRANSACTION
control field 20250618072645.0
008 - FIXED-LENGTH DATA ELEMENTS--GENERAL INFORMATION
fixed length control field 060831s1945 ||||||||||||||||||||arm|c
040 ## - CATALOGING SOURCE
Original cataloging agency AM-YeHGA
041 0# - LANGUAGE CODE
Language code of text/sound track or separate title arm
090 ## - LOCALLY ASSIGNED LC-TYPE CALL NUMBER (OCLC); LOCAL CALL NUMBER (RLIN)
-- 185761
100 1# - MAIN ENTRY--PERSONAL NAME
Personal name Հարությունյան, Համո Ավետիսի,
Dates associated with a name 1906-1981
9 (RLIN) 1170
245 10 - TITLE STATEMENT
Title Հայաստանը Արշակունիների ժամանակ :
Remainder of title 1-429 թ.թ. /
Statement of responsibility, etc. Դոցենտ. Հ. Հարութունյան; Պատ. խմբ.՝ Մ. Հասրաթյան; ՀՍՍՌ պետ. հեռակա մանկ. ին-տ.
260 ## - PUBLICATION, DISTRIBUTION, ETC.
Place of publication, distribution, etc. Երևան :
Name of publisher, distributor, etc. Հեռակա մանկ. ին-տի հրատ.,
Date of publication, distribution, etc. 1945.
300 ## - PHYSICAL DESCRIPTION
Extent 156 էջ.
650 14 - SUBJECT ADDED ENTRY--TOPICAL TERM
Topical term or geographic name entry element Հայ ժողովրդի պատմություն
Chronological subdivision Արշակունիների ժամանակ
700 1# - ADDED ENTRY--PERSONAL NAME
Personal name Հասրաթյան, Մորուս Ստեփանի,
Dates associated with a name 1902-1979
Relator term խմբ.
Relationship edt
9 (RLIN) 2367
710 2# - ADDED ENTRY--CORPORATE NAME
Corporate name or jurisdiction name as entry element Պետական հեռակա մանկավարժական ինստիտուտ ՀՍՍՌ
Holdings
Withdrawn status Lost status Damaged status Not for loan Collection Home library Current library Date acquired Total checkouts Full call number Barcode Date last seen Price effective from Koha item type Public note
        General Fundamental Scientific Library Fundamental Scientific Library 28/12/2016   AII/33638 220033638 28/12/2016 28/12/2016 Գրքեր / Books 30 Days Loan
        General Fundamental Scientific Library Fundamental Scientific Library 28/12/2016   AII/34295 220034295 28/12/2016 28/12/2016 Գրքեր / Books 30 Days Loan


ՀՀ ԳԱԱ հիմնարար գիտական գրադարան
ՀՀ,Երևան 0019
Մարշալ Բաղրամյան 24/6
հեռախոս:(374-10) 52-47-50
Հետադարձ կապ

All site content, except where otherwise noted, is licensed under a
Creative Commons License